The Walking Dead - Female Characters Quiz Stats

 Plays Quiz not verified by Sporcle

Score 0/15 Timer 03:00
0 Plays Today
% Correct
Andrea
95.8%
Lori Grimes
95.2%
Michonne
92.8%
Carol Peletier
91.5%
Rosita Espinosa
91.1%
Maggie Greene
90.6%
Sasha Williams
90.3%
Francine
89.6%
% Correct
Beth Greene
87.8%
Tara Chambler
86.6%
Deanna Monroe
86%
Jadis|Anne
84.8%
Enid
83.8%
Jessie Anderson
78.7%
Olivia
76.3%

You're not logged in!

Compare scores with friends on all Sporcle quizzes.
OR
Log In

You Might Also Like...

Show Comments

Extras

Top Quizzes Today


Score Distribution

Your Account Isn't Verified!

In order to create a playlist on Sporcle, you need to verify the email address you used during registration. Go to your Sporcle Settings to finish the process.

Report this User

Report this user for behavior that violates our Community Guidelines.

Details: